000 00883nam a2200217Ia 4500
001 15249
003 GE_BSU
008 181216s||||||||xx |||||||||||||| ||und||
040 _cGE_BSU
080 _a821.353.1
245 _aჩვენი საუნჯე:ქართული მწერლობა ოც ტომად. ტ.15. ვასილ ბარნოვი,ავქსენტი ცაგარელი
245 _cრედ.გ.ლეონიძე. მხატვ.ლ.გრიგოლია
260 _aთბილისი
260 _bნაკადული
260 _c1961
300 _a700გვ.23სმ.
653 _aვასილ ბარნოვი,ავქსენტი ცაგარელი
653 _aქართული მწერლობა
653 _aჩვენი საუნჯე
942 _cBK
999 _c48361
_d48361